Statistics for Top 5 Songs On Alive (Yeat)

Click here to take the quiz!

General Stats

  • This quiz has been taken 54 times
  • The average score is 3 of 5

Answer Stats

HintAnswer% Correct
8,849,699WAR 1
77%
8,134,041Bak 2 BED
70%
7,416,987Tonka
67%
13,298,102Died B4
65%
6,065,305X Ta C
65%

Score Distribution

Percentile by Number Answered

Percent of People with Each Score

Your Score History

You have not taken this quiz